[Event "España ch sub-14 2012"]
[Site "Salobreña ESP"]
[Date "2012.07.09"]
[Round "2.1"]
[White "Suarez Gomez, Julio"]
[Black "De La Calle Fuentes, Sergio"]
[Result "1-0"]
[WhiteElo "2026"]
[BlackElo "1724"]
[PlyCount "91"]
[EventDate "2012.07.09"]
[EventType "swiss"]
[EventRounds "9"]
[EventCountry "ESP"]
[Source "lmi"]
[SourceDate "2012.07.09"]

1. e4 e5 2. Nf3 d6 3. d4 Nf6 4. Nc3 Nbd7 5. g3 Be7 6. Bg2 O-O 7. O-O Re8 8. h3
h6 9. Re1 c6 10. a4 a5 11. Be3 Bf8 12. Qd2 Qc7 13. Rad1 Nb6 14. b3 Bd7 15. Nh4
Rad8 16. f4 exd4 17. Bxd4 Be7 18. Qf2 c5 19. Be3 Bc6 20. Nf5 Bf8 21. Bc1 Nbd7
22. g4 g6 23. Ng3 Bg7 24. Nb5 Bxb5 25. axb5 c4 26. bxc4 Nc5 27. Kh2 Nfd7 28.
Be3 Na4 29. Bd4 Nb2 30. Rb1 Nxc4 31. Bxg7 Kxg7 32. Qd4+ Kg8 33. Rb3 Ncb6 34.
Rc3 Qb8 35. Rd1 Nc8 36. Bf1 Nc5 37. Rd2 b6 38. Rg2 Qb7 39. Bd3 a4 40. Ra3 Na7
41. f5 Re5 42. Qe3 Rde8 43. Qxh6 Nxd3 44. cxd3 Nxb5 45. Nh5 f6 46. Nxf6+ 1-0

[Event "España ch sub-14 2012"]
[Site "Salobreña ESP"]
[Date "2012.07.09"]
[Round "2.2"]
[White "Redondo Benavente, Jose Carlos"]
[Black "Ponce Cano, Adrian"]
[Result "0-1"]
[WhiteElo "1719"]
[BlackElo "1995"]
[PlyCount "70"]
[EventDate "2012.07.09"]
[EventType "swiss"]
[EventRounds "9"]
[EventCountry "ESP"]
[Source "lmi"]
[SourceDate "2012.07.09"]

1. e4 d5 2. exd5 Qxd5 3. Nc3 Qd6 4. Nf3 Nf6 5. g3 Bg4 6. Bg2 c6 7. d3 Nbd7 8.
h3 Bh5 9. Qe2 e6 10. Bd2 Qc7 11. g4 Bg6 12. Nh4 Bd6 13. O-O-O Nb6 14. Nxg6 hxg6
15. Kb1 Nfd5 16. Rhf1 O-O-O 17. Ne4 Be5 18. Ba5 Nf4 19. Qf3 Nxg2 20. Qxg2 Bxb2
21. c4 Bd4 22. c5 Qe5 23. Bxb6 axb6 24. Nd6+ Rxd6 25. Rc1 Bxc5 26. Rfd1 Ba3 27.
Rc2 Rd5 28. d4 Rxd4 29. Rxc6+ Kb8 30. Rxb6 Rxd1+ 31. Kc2 Rc1+ 32. Kb3 Qb2+ 33.
Ka4 Rc4+ 34. Ka5 Bb4+ 35. Kb5 Rc5+ 0-1

[Event "España ch sub-14 2012"]
[Site "Salobreña ESP"]
[Date "2012.07.09"]
[Round "2.3"]
[White "Portela Peleteiro, Alberto"]
[Black "Hernandez Mateo, Borja"]
[Result "1-0"]
[WhiteElo "1927"]
[BlackElo "1711"]
[PlyCount "101"]
[EventDate "2012.07.09"]
[EventType "swiss"]
[EventRounds "9"]
[EventCountry "ESP"]
[Source "lmi"]
[SourceDate "2012.07.09"]

1. e4 c5 2. Nc3 e6 3. g3 Nc6 4. Bg2 g6 5. d3 Bg7 6. f4 Nge7 7. Nf3 d5 8. e5 O-O
9. O-O a6 10. g4 b5 11. Ne2 Bb7 12. Ng3 Qc7 13. Be3 d4 14. Bf2 Nd5 15. Qd2 f5
16. gxf5 exf5 17. Ng5 Nd8 18. c3 h6 19. Nf3 dxc3 20. bxc3 Ne6 21. Ne2 Rad8 22.
d4 c4 23. a3 Bc6 24. Bh4 Rb8 25. Ne1 Nb6 26. Rd1 Bxg2 27. Nxg2 Nd5 28. Ne3 Qc6
29. Nxd5 Qxd5 30. Qe3 Kh7 31. Be7 Rf7 32. Bd6 Rd8 33. Qf3 Nc7 34. Bxc7 Rxc7 35.
Qxd5 Rxd5 36. Rf3 Re7 37. Ng3 Re6 38. Nf1 Kg8 39. Ne3 Rd8 40. d5 Ree8 41. d6 g5
42. Nxf5 gxf4 43. Nxg7 Kxg7 44. Rd5 Kf7 45. Rxf4+ Ke6 46. Rc5 Rf8 47. Rh4 Rf3
48. Rxh6+ Kf7 49. e6+ Kg7 50. e7 Rg8 51. Rg5+ 1-0

[Event "España ch sub-14 2012"]
[Site "Salobreña ESP"]
[Date "2012.07.09"]
[Round "2.4"]
[White "Picazo Gonzalez, Ana"]
[Black "Bas Mas, Miguel"]
[Result "1/2-1/2"]
[WhiteElo "1712"]
[BlackElo "1927"]
[PlyCount "181"]
[EventDate "2012.07.09"]
[EventType "swiss"]
[EventRounds "9"]
[EventCountry "ESP"]
[Source "lmi"]
[SourceDate "2012.07.09"]

1. d4 Nf6 2. c4 g6 3. Nc3 d5 4. cxd5 Nxd5 5. e4 Nxc3 6. bxc3 Bg7 7. Nf3 c5 8.
Rb1 O-O 9. Be2 Qa5 10. Bd2 Qxa2 11. O-O cxd4 12. cxd4 b6 13. Rb4 Qe6 14. d5 Qd6
15. Nd4 Bd7 16. Rc4 a5 17. Be3 b5 18. Rc1 Bxd4 19. Qxd4 Na6 20. Bh6 e5 21. Bxf8
Kxf8 22. Qe3 a4 23. f4 a3 24. fxe5 Qxe5 25. Qf2 Qe7 26. d6 Qe8 27. Qf6 Kg8 28.
Rf3 Nb4 29. Rb3 Ra4 30. Ra1 Nc2 31. Ra2 Qxe4 32. Qd8+ Kg7 33. Qxd7 Qxe2 34.
Qxb5 Rc4 35. Rb1 Qe4 36. d7 Nb4 37. Rd1 Nxa2 38. d8=Q Nc3 39. Qbg5 Nxd1 40.
Qdf6+ Kg8 41. Qd8+ Kg7 42. Qgf6+ Kh6 43. Qxd1 Qe3+ 44. Qf2 Qc1 45. Qfd2+ Qxd2
46. Qxd2+ Kg7 47. Qa2 Ra4 48. Qb3 Ra8 49. Qc3+ Kg8 50. Qc6 Rd8 51. Qa4 Rd3 52.
Qc2 Rd8 53. Qa4 Rd3 54. Qe8+ Kg7 55. Qe5+ Kg8 56. Qe8+ Kg7 57. Qe2 Rb3 58. Qa2
Rd3 59. Kf2 Kg8 60. Ke2 Rc3 61. Kd2 Rc8 62. Qxa3 Rd8+ 63. Ke3 Rd1 64. Kf4 Rh1
65. h3 Rg1 66. Qa8+ Kg7 67. Kg5 Rf1 68. Kg4 Rf5 69. Qa1+ Kg8 70. Qd4 Rh5 71.
Kg3 Rf5 72. Kh2 h5 73. g4 hxg4 74. hxg4 Rb5 75. Kg3 Rb8 76. Kf4 Rb5 77. Qc4 Rb8
78. Kg5 Kg7 79. Qd4+ Kh7 80. Kf6 Kg8 81. Qd6 Re8 82. Kg5 Re6 83. Qf4 Kg7 84.
Qh2 f6+ 85. Kf4 Ra6 86. Qc2 Ra7 87. Qc6 Re7 88. Qd6 Rb7 89. Qc5 Rf7 90. Qd6 Ra7
91. Ke4 1/2-1/2

[Event "España ch sub-14 2012"]
[Site "Salobreña ESP"]
[Date "2012.07.09"]
[Round "2.5"]
[White "Ventura Bolet, Alexandre"]
[Black "Plazuelo Pascual, Juan"]
[Result "1/2-1/2"]
[WhiteElo "1925"]
[BlackElo "1703"]
[PlyCount "62"]
[EventDate "2012.07.09"]
[EventType "swiss"]
[EventRounds "9"]
[EventCountry "ESP"]
[Source "lmi"]
[SourceDate "2012.07.09"]

1. e4 c6 2. d4 d5 3. exd5 cxd5 4. c4 Nf6 5. Nc3 e6 6. Nf3 Bb4 7. Bd3 dxc4 8.
Bxc4 Qc7 9. Qe2 O-O 10. O-O Nbd7 11. Bg5 Bxc3 12. bxc3 b6 13. Rac1 Bb7 14. Bb3
Ne4 15. Bd2 Rac8 16. Ng5 Nxd2 17. Qxd2 h6 18. Nh3 Rfd8 19. f4 Nf6 20. Nf2 Qc6
21. Nd1 Rxd4 22. cxd4 Qxc1 23. Qe2 Be4 24. g4 Qc6 25. g5 hxg5 26. fxg5 Nh7 27.
h4 Bf5 28. Ne3 Qe4 29. Qf2 Rc3 30. Nxf5 exf5 31. Qf4 Qxf4 1/2-1/2

[Event "España ch sub-14 2012"]
[Site "Salobreña ESP"]
[Date "2012.07.09"]
[Round "2.6"]
[White "Wang Qiu, Jorge"]
[Black "Medina Masdeu, Rasen"]
[Result "0-1"]
[WhiteElo "1705"]
[BlackElo "1923"]
[PlyCount "43"]
[EventDate "2012.07.09"]
[EventType "swiss"]
[EventRounds "9"]
[EventCountry "ESP"]
[Source "lmi"]
[SourceDate "2012.07.09"]

1. e4 c5 2. d3 g6 3. c3 Bg7 4. g3 Nc6 5. Bg2 d6 6. f4 e5 7. Ne2 Nge7 8. O-O O-O
9. Be3 Be6 10. Nd2 f5 11. Qc2 Rb8 12. a4 h6 13. Bf2 b6 14. exf5 Bxf5 15. Nf3 c4
16. Nh4 Bxd3 17. Qd2 e4 18. Rfe1 d5 19. Be3 Na5 20. Nc1 Kh7 21. Qf2 g5 22. Bf1
0-1

[Event "España ch sub-14 2012"]
[Site "Salobreña ESP"]
[Date "2012.07.09"]
[Round "2.7"]
[White "Perez Garcia, Alejandro"]
[Black "Rodriguez Manzaneda, Irene"]
[Result "0-1"]
[WhiteElo "1902"]
[BlackElo "1686"]
[PlyCount "153"]
[EventDate "2012.07.09"]
[EventType "swiss"]
[EventRounds "9"]
[EventCountry "ESP"]
[Source "lmi"]
[SourceDate "2012.07.09"]

1. d4 d5 2. Nf3 Nf6 3. e3 c5 4. c3 Nc6 5. Bd3 Bg4 6. O-O e6 7. Nbd2 cxd4 8.
exd4 Bd6 9. h3 Bh5 10. Qe2 O-O 11. Nb3 Rc8 12. Be3 a6 13. Rad1 b5 14. g4 Bg6
15. Nc5 Bxc5 16. dxc5 Bxd3 17. Qxd3 Ne4 18. Bd4 Re8 19. Nd2 Nxd2 20. Qxd2 Na5
21. f4 Qh4 22. Rf3 Nc4 23. Qe2 Qe7 24. b3 Na5 25. g5 Nc6 26. Bf2 Qc7 27. Qc2
Ne7 28. b4 Nf5 29. Bd4 a5 30. a3 a4 31. Qe2 Qc6 32. Qe5 Qc7 33. Qe2 Qc6 34. Qf2
Qd7 35. h4 Qe7 36. h5 Qc7 37. h6 g6 38. Qe2 Nxd4 39. cxd4 Rb8 40. Rc1 Kf8 41.
c6 Rec8 42. Qe5 Qxe5 43. fxe5 Rb6 44. Rfc3 Rc7 45. Kf2 Rb8 46. Rc5 Rb6 47. Ke3
Ke8 48. Kd3 Kf8 49. R1c2 Ke8 50. R5c3 Ke7 51. Rc1 Kf8 52. R3c2 Ke8 53. Rc5 Kf8
54. R1c3 Ke8 55. Rc2 Kf8 56. Rf2 Rcxc6 57. Rfc2 Rxc5 58. bxc5 Rb8 59. Kc3 Ke7
60. Kb4 Kd7 61. c6+ Kc7 62. Rc5 Rb6 63. Rxb5 Rxc6 64. Rc5 Rxc5 65. Kxc5 Kd7 66.
Kb5 Kc7 67. Kxa4 Kb6 68. Kb4 Ka6 69. a4 Kb6 70. a5+ Ka6 71. Ka4 Ka7 72. Kb5 Kb7
73. a6+ Kc7 74. Kc5 Kb8 75. Kb6 Ka8 76. a7 f5 77. exf6 0-1

[Event "España ch sub-14 2012"]
[Site "Salobreña ESP"]
[Date "2012.07.09"]
[Round "2.8"]
[White "Orantes Taboada, Francisco"]
[Black "Balbuena Fuentes, Mario"]
[Result "1/2-1/2"]
[WhiteElo "1688"]
[BlackElo "1899"]
[PlyCount "74"]
[EventDate "2012.07.09"]
[EventType "swiss"]
[EventRounds "9"]
[EventCountry "ESP"]
[Source "lmi"]
[SourceDate "2012.07.09"]

1. e4 e6 2. d4 d5 3. e5 c5 4. c3 Nc6 5. Nf3 Qb6 6. a3 Nh6 7. b4 cxd4 8. cxd4
Nf5 9. Be3 f6 10. exf6 gxf6 11. Bd3 Nxe3 12. fxe3 Bh6 13. Qe2 O-O 14. Nh4 Qc7
15. O-O e5 16. Kh1 e4 17. Bb5 Bg5 18. Nf5 Ne7 19. Nxe7+ Qxe7 20. Nc3 Be6 21.
Rac1 Rac8 22. Ba4 Rc7 23. Bb3 Qd7 24. Ba4 Qc8 25. Na2 Rff7 26. Kg1 Rxc1 27.
Rxc1 Rc7 28. Rxc7 Qxc7 29. g3 Qc4 30. Kf2 Qc8 31. Qc2 Qxc2+ 32. Bxc2 Kf8 33.
Bb3 Ke7 34. Nc3 Kd6 35. Na4 f5 36. Nc5 b6 37. Nxe6 Kxe6 1/2-1/2

[Event "España ch sub-14 2012"]
[Site "Salobreña ESP"]
[Date "2012.07.09"]
[Round "2.9"]
[White "Fernandez Gil, Ruben Carlos"]
[Black "Goni Navarro, Pablo"]
[Result "1/2-1/2"]
[WhiteElo "1899"]
[BlackElo "1666"]
[PlyCount "66"]
[EventDate "2012.07.09"]
[EventType "swiss"]
[EventRounds "9"]
[EventCountry "ESP"]
[Source "lmi"]
[SourceDate "2012.07.09"]

1. e4 c5 2. Nf3 d6 3. d4 Nf6 4. Nc3 cxd4 5. Nxd4 g6 6. Be3 Bg7 7. f3 O-O 8. Qd2
Nc6 9. Bc4 Bd7 10. O-O-O Rc8 11. Bb3 Nxd4 12. Bxd4 b5 13. h4 a5 14. a3 b4 15.
axb4 axb4 16. Na2 Ra8 17. Qxb4 Qc7 18. Qc3 Qb7 19. Qb4 Qc6 20. g4 Rfb8 21. Qc4
Qxc4 22. Bxc4 Ra4 23. b4 Rba8 24. Kb2 Be6 25. Bxe6 fxe6 26. Ra1 Nd7 27. Bxg7
Kxg7 28. Rhb1 Ne5 29. Rf1 Nc4+ 30. Kc3 Ne3 31. Rfe1 Ra3+ 32. Kb2 Nc4+ 33. Kb1
Nd2+ 1/2-1/2

[Event "España ch sub-14 2012"]
[Site "Salobreña ESP"]
[Date "2012.07.09"]
[Round "2.10"]
[White "Panades Catarineu, Oriol"]
[Black "Salagran Ferragut, Guillem"]
[Result "0-1"]
[WhiteElo "1679"]
[BlackElo "1899"]
[PlyCount "68"]
[EventDate "2012.07.09"]
[EventType "swiss"]
[EventRounds "9"]
[EventCountry "ESP"]
[Source "lmi"]
[SourceDate "2012.07.09"]

1. e4 d6 2. d4 g6 3. Nc3 a6 4. Nf3 Bg7 5. Bc4 b5 6. Bd3 Nd7 7. d5 Nc5 8. a3 Bg4
9. O-O Nf6 10. h3 Bxf3 11. Qxf3 Nfd7 12. Bf4 O-O 13. Qe3 Ne5 14. Rad1 Ncd7 15.
Bh6 Nb6 16. b3 c5 17. dxc6 Nxc6 18. Bxg7 Kxg7 19. Nd5 Nxd5 20. exd5 Ne5 21. f4
Nd7 22. c4 bxc4 23. Bxc4 Re8 24. f5 Ne5 25. fxg6 hxg6 26. Rc1 Qd7 27. Qe2 Rh8
28. Rc3 Rh5 29. Bxa6 Qa7+ 30. Re3 Qxa6 31. Qf2 Rf5 32. Qe1 Rxf1+ 33. Qxf1 Qxf1+
34. Kxf1 Rxa3 0-1

[Event "España ch sub-14 2012"]
[Site "Salobreña ESP"]
[Date "2012.07.09"]
[Round "2.11"]
[White "Ortega Lopez, Mikel"]
[Black "Mari Copa, Adria"]
[Result "0-1"]
[WhiteElo "1897"]
[BlackElo "1658"]
[PlyCount "120"]
[EventDate "2012.07.09"]
[EventType "swiss"]
[EventRounds "9"]
[EventCountry "ESP"]
[Source "lmi"]
[SourceDate "2012.07.09"]

1. e4 e5 2. Nf3 Nc6 3. Bb5 a6 4. Ba4 Nf6 5. O-O Be7 6. Re1 b5 7. Bb3 O-O 8. a4
Bb7 9. c3 d6 10. d3 Qd7 11. Nbd2 Rfe8 12. Nf1 Bd8 13. Ng3 Ne7 14. h3 c6 15. Be3
Bc8 16. Qd2 Qc7 17. Rad1 Ng6 18. Nh2 Be6 19. Bxe6 fxe6 20. axb5 axb5 21. Ra1
Be7 22. b3 Qb7 23. Ne2 d5 24. f3 Red8 25. Qb2 c5 26. exd5 exd5 27. d4 c4 28.
bxc4 dxc4 29. Reb1 Nd5 30. Bf2 Rxa1 31. Rxa1 b4 32. cxb4 Qxb4 33. Qa2 Nc3 34.
Nxc3 Qxc3 35. dxe5 Nxe5 36. Nf1 Bf6 37. Rb1 Nd3 38. Be3 Bd4 39. Kh1 Bxe3 40.
Nxe3 Ne5 41. Qa7 Re8 42. Qa4 Rd8 43. Qa7 Re8 44. Rb8 Qe1+ 45. Kh2 Nxf3+ 46.
gxf3 Qf2+ 47. Kh1 Qxf3+ 48. Kh2 Qf4+ 49. Kg2 Qxb8 50. Qd4 Qb7+ 51. Kf2 Qf7+ 52.
Ke2 Qe6 53. Kd2 Qxe3+ 54. Qxe3 Rxe3 55. Kxe3 Kf7 56. Kd4 Kf6 57. Kxc4 Kf5 58.
Kd5 g5 59. Kd4 Kf4 60. Kd3 Ke5 0-1

[Event "España ch sub-14 2012"]
[Site "Salobreña ESP"]
[Date "2012.07.09"]
[Round "2.12"]
[White "Dominguez Fernandez, Angel"]
[Black "Aguila Hernandez, Eduardo"]
[Result "1/2-1/2"]
[WhiteElo "1673"]
[BlackElo "1893"]
[PlyCount "67"]
[EventDate "2012.07.09"]
[EventType "swiss"]
[EventRounds "9"]
[EventCountry "ESP"]
[Source "lmi"]
[SourceDate "2012.07.09"]

1. e4 c5 2. Nc3 a6 3. a4 b6 4. f4 Bb7 5. Nf3 e6 6. d3 Be7 7. g3 d5 8. e5 Nh6 9.
Bg2 O-O 10. O-O Nc6 11. h3 Nf5 12. Ne2 f6 13. g4 Nfd4 14. Nexd4 Nxd4 15. c3
Nxf3+ 16. Bxf3 fxe5 17. fxe5 Qc7 18. d4 Rac8 19. Bd2 Qd7 20. Bg2 Rxf1+ 21. Bxf1
Rf8 22. Bd3 Bh4 23. Be3 Qf7 24. Qd2 Qf3 25. Bf1 Qg3+ 26. Bg2 Rf3 27. Re1 c4 28.
Kh1 Rf7 29. Rg1 Bc6 30. Bf1 Rxf1 31. Rxf1 Qxh3+ 32. Kg1 Qg3+ 33. Kh1 Qh3+ 34.
Kg1 1/2-1/2

[Event "España ch sub-14 2012"]
[Site "Salobreña ESP"]
[Date "2012.07.09"]
[Round "2.13"]
[White "Centron Antuna, Daniel"]
[Black "Alba Fernandez, Nicolas"]
[Result "1-0"]
[WhiteElo "1655"]
[BlackElo "1883"]
[PlyCount "89"]
[EventDate "2012.07.09"]
[EventType "swiss"]
[EventRounds "9"]
[EventCountry "ESP"]
[Source "lmi"]
[SourceDate "2012.07.09"]

1. d4 Nf6 2. c4 g6 3. Nc3 Bg7 4. e4 d6 5. Nf3 O-O 6. h3 e5 7. dxe5 dxe5 8. Bg5
Nbd7 9. Be2 h6 10. Be3 c6 11. Qd2 Kh7 12. O-O Re8 13. Rfd1 Qc7 14. Rac1 b6 15.
b3 Bb7 16. Nh2 Nf8 17. Ng4 Rad8 18. Qc2 Ne6 19. Nxf6+ Bxf6 20. Bg4 Nd4 21. Bxd4
exd4 22. Ne2 c5 23. Ng3 h5 24. Bxh5 Bg5 25. Rb1 Bf4 26. Bf3 Bxg3 27. fxg3 Qxg3
28. Rd3 Qf4 29. Rf1 Qc7 30. Qf2 Kg7 31. e5 Bxf3 32. Rxf3 Rd7 33. Qd2 Qxe5 34.
Qf2 Ree7 35. Qb2 f5 36. Qc1 d3 37. Rd1 d2 38. Qc2 Qd4+ 39. Kf1 f4 40. Qc3 Kf6
41. Rxf4+ Kg7 42. Rxd4 Re1+ 43. Rxe1 dxe1=Q+ 44. Qxe1 cxd4 45. Qc3 1-0

[Event "España ch sub-14 2012"]
[Site "Salobreña ESP"]
[Date "2012.07.09"]
[Round "2.14"]
[White "Ribera Cebolla, Marc"]
[Black "Zhynguel Ramirez De Verger, Ale"]
[Result "1/2-1/2"]
[WhiteElo "1883"]
[BlackElo "1650"]
[PlyCount "78"]
[EventDate "2012.07.09"]
[EventType "swiss"]
[EventRounds "9"]
[EventCountry "ESP"]
[Source "lmi"]
[SourceDate "2012.07.09"]

1. e4 c5 2. Nf3 d6 3. d4 Nf6 4. Nc3 cxd4 5. Nxd4 Nc6 6. Be3 g6 7. f3 Bg7 8. Qd2
a6 9. O-O-O Nxd4 10. Bxd4 O-O 11. Kb1 b5 12. g4 Bb7 13. h4 Rc8 14. h5 Qc7 15.
hxg6 fxg6 16. Bd3 Rf7 17. Rhg1 Nd7 18. Bxg7 Rxg7 19. f4 Nb6 20. Ne2 Nc4 21. Qc1
Qc5 22. Rg3 Qb4 23. f5 g5 24. Rh3 Ne5 25. a3 Nxd3 26. Rdxd3 Qxe4 27. Qd1 Qxg4
28. f6 exf6 29. Rhg3 Qe4 30. Rxd6 Re8 31. Rd8 Rxd8 32. Qxd8+ Kf7 33. Rd3 Qxe2
34. Rd7+ Kg6 35. Rxg7+ Kxg7 36. Qc7+ Kg6 37. Qxb7 Qe1+ 38. Ka2 Qe6+ 39. b3 h5
1/2-1/2

[Event "España ch sub-14 2012"]
[Site "Salobreña ESP"]
[Date "2012.07.09"]
[Round "2.15"]
[White "Soriano Gracia, Manuel"]
[Black "Domingo Nunez, Alejandro"]
[Result "0-1"]
[WhiteElo "1638"]
[BlackElo "1883"]
[PlyCount "32"]
[EventDate "2012.07.09"]
[EventType "swiss"]
[EventRounds "9"]
[EventCountry "ESP"]
[Source "lmi"]
[SourceDate "2012.07.09"]

1. e4 c5 2. c3 d5 3. exd5 Qxd5 4. d4 Nf6 5. Nf3 Bg4 6. Be2 e6 7. O-O Nc6 8. Bf4
Be7 9. dxc5 Bxc5 10. Nbd2 Rd8 11. Re1 O-O 12. Qb3 Qf5 13. Qxb7 Qxf4 14. Qxc6
Bxf2+ 15. Kxf2 Rxd2 16. Qa6 Ne4+ 0-1

[Event "España ch sub-14 2012"]
[Site "Salobreña ESP"]
[Date "2012.07.09"]
[Round "2.16"]
[White "Alvarez Nistal, David"]
[Black "Mandado Castelany, Marco"]
[Result "1-0"]
[WhiteElo "1861"]
[BlackElo "1634"]
[PlyCount "79"]
[EventDate "2012.07.09"]
[EventType "swiss"]
[EventRounds "9"]
[EventCountry "ESP"]
[Source "lmi"]
[SourceDate "2012.07.09"]

1. d4 Nf6 2. c4 e6 3. Nc3 d5 4. cxd5 exd5 5. Bg5 Be7 6. Qc2 Nbd7 7. e3 O-O 8.
Bd3 h6 9. Bh4 c6 10. Nge2 b6 11. O-O Bb7 12. f3 c5 13. Rad1 Rc8 14. Bf5 c4 15.
Bxf6 Bxf6 16. Nf4 Qe8 17. Ncxd5 Bxd5 18. Nxd5 Rc6 19. e4 b5 20. e5 Be7 21. Qe4
Rc8 22. Qg4 Nb6 23. Nxb6 axb6 24. Bxc8 Qxc8 25. Qe4 Rd8 26. d5 Bc5+ 27. Kh1 Re8
28. d6 Qd7 29. h3 Rd8 30. f4 Re8 31. Rfe1 Bb4 32. Re2 g6 33. g4 h5 34. f5 hxg4
35. hxg4 Kg7 36. e6 fxe6 37. fxe6 Qd8 38. Qe5+ Kg8 39. Rh2 Qa8+ 40. Rd5 1-0

[Event "España ch sub-14 2012"]
[Site "Salobreña ESP"]
[Date "2012.07.09"]
[Round "2.17"]
[White "Antunez Munoz, Ines"]
[Black "Fernandez Cano, Victor"]
[Result "0-1"]
[WhiteElo "1636"]
[BlackElo "1839"]
[PlyCount "66"]
[EventDate "2012.07.09"]
[EventType "swiss"]
[EventRounds "9"]
[EventCountry "ESP"]
[Source "lmi"]
[SourceDate "2012.07.09"]

1. e4 e6 2. d4 c5 3. dxc5 Bxc5 4. Nf3 Nf6 5. Nc3 Ng4 6. Nd4 Nxf2 7. Kxf2 Qf6+
8. Qf3 Bxd4+ 9. Ke1 Bxc3+ 10. bxc3 b6 11. Qxf6 gxf6 12. Bd3 Bb7 13. Rf1 Ke7 14.
Ba3+ d6 15. Rf2 Nd7 16. Rd1 Nc5 17. Rfd2 Rad8 18. Re2 Na4 19. Kd2 Rc8 20. Rf2
Nxc3 21. Rdf1 Nxe4+ 22. Bxe4 Bxe4 23. Ke3 f5 24. Bb2 Rhg8 25. g3 Bxc2 26. Rf4
Be4 27. R1f2 Rc4 28. Rh4 Rgc8 29. Ba1 Ra4 30. Rh6 Ra3+ 31. Kf4 Rg8 32. Bf6+ Kd7
33. g4 Rxg4# 0-1

[Event "España ch sub-14 2012"]
[Site "Salobreña ESP"]
[Date "2012.07.09"]
[Round "2.18"]
[White "Laiz Ibanez, Hector"]
[Black "Fernandez Mira, Alonso"]
[Result "1-0"]
[WhiteElo "1838"]
[BlackElo "1626"]
[PlyCount "49"]
[EventDate "2012.07.09"]
[EventType "swiss"]
[EventRounds "9"]
[EventCountry "ESP"]
[Source "lmi"]
[SourceDate "2012.07.09"]

1. e4 e6 2. d4 d5 3. Nc3 Nf6 4. e5 Nfd7 5. f4 c5 6. Nf3 Nc6 7. Be3 cxd4 8. Nxd4
Bc5 9. Qd2 O-O 10. O-O-O Nxd4 11. Bxd4 a6 12. h4 b5 13. g4 Bxd4 14. Qxd4 Qb6
15. Qd2 Nc5 16. Bg2 Bb7 17. f5 b4 18. Ne2 Ne4 19. Bxe4 dxe4 20. Qf4 Rfc8 21. f6
b3 22. Qg5 Rxc2+ 23. Kb1 Rxb2+ 24. Kxb2 bxa2+ 25. Ka1 1-0

[Event "España ch sub-14 2012"]
[Site "Salobreña ESP"]
[Date "2012.07.09"]
[Round "2.19"]
[White "Cortes Cabeza, Cameron"]
[Black "Perez Tores, Juan Miguel"]
[Result "1-0"]
[WhiteElo "1633"]
[BlackElo "1834"]
[PlyCount "125"]
[EventDate "2012.07.09"]
[EventType "swiss"]
[EventRounds "9"]
[EventCountry "ESP"]
[Source "lmi"]
[SourceDate "2012.07.09"]

1. e4 e5 2. Nf3 Nc6 3. Bc4 Bc5 4. c3 Nf6 5. d4 exd4 6. e5 d5 7. Bb5 Ne4 8. cxd4
Bb4+ 9. Bd2 Nxd2 10. Nbxd2 O-O 11. O-O Bxd2 12. Qxd2 Ne7 13. Bd3 Bf5 14. Bxf5
Nxf5 15. Rfe1 Nh4 16. Nxh4 Qxh4 17. Rac1 c6 18. Rc3 Rae8 19. Rh3 Qd8 20. Qd3 h6
21. f4 f5 22. Ree3 Qd7 23. Reg3 Re6 24. Rh5 Qf7 25. Rhh3 b6 26. b4 Rg6 27. Rxg6
Qxg6 28. Rg3 Qf7 29. Re3 Qe6 30. Rg3 Rc8 31. Qc3 Kh7 32. a3 Qe7 33. Rd3 g5 34.
fxg5 hxg5 35. Qc2 Qe6 36. Rf3 Kg6 37. g4 Rf8 38. gxf5+ Rxf5 39. h3 c5 40. bxc5
bxc5 41. Rc3 Kh5 42. Rxc5 Qf7 43. Qe2+ Kh6 44. Rc6+ Kg7 45. e6 Qe8 46. Rc7+ Kf6
47. Rf7+ Kg6 48. Rxf5 Kxf5 49. Qe5+ Kg6 50. Qxd5 Qa4 51. Qe4+ Kh6 52. Kf2 Qxa3
53. e7 Qb2+ 54. Kf3 Qc3+ 55. Kg4 Qc8+ 56. Qf5 Qc1 57. Qf8+ Kh7 58. e8=Q Qg1+
59. Kf5 Qf2+ 60. Ke6 Qe3+ 61. Kd7 Qxd4+ 62. Qd6 Qa4+ 63. Kd8 1-0

[Event "España ch sub-14 2012"]
[Site "Salobreña ESP"]
[Date "2012.07.09"]
[Round "2.20"]
[White "Guerra Arrocha, Daniel"]
[Black "Villavicencio Sanchez, Pedro"]
[Result "1-0"]
[WhiteElo "1825"]
[BlackElo "1623"]
[PlyCount "81"]
[EventDate "2012.07.09"]
[EventType "swiss"]
[EventRounds "9"]
[EventCountry "ESP"]
[Source "lmi"]
[SourceDate "2012.07.09"]

1. e4 c5 2. Nf3 e6 3. d4 cxd4 4. Nxd4 a6 5. Be3 Nf6 6. Nc3 Qc7 7. a3 Be7 8. Be2
d6 9. O-O Nbd7 10. f4 b5 11. f5 e5 12. Nb3 Bb7 13. Bf3 O-O 14. Qe2 Rac8 15. g4
Nb6 16. g5 Nfd7 17. f6 Bd8 18. fxg7 Kxg7 19. Bxb6 Nxb6 20. Bg4 Rb8 21. Bf5 Bc8
22. Qh5 Bxf5 23. exf5 f6 24. g6 h6 25. Rf2 d5 26. Rd1 d4 27. Ne4 Be7 28. Qg4
Nc4 29. Rd3 Nxb2 30. Rh3 Rh8 31. Ng3 d3 32. Nh5+ Kg8 33. g7 Rh7 34. Qg2 Qb7 35.
Qxb7 Rxb7 36. cxd3 Na4 37. Rc2 Rxg7+ 38. Nxg7 Kxg7 39. Rg2+ Kh7 40. Rg6 Nc5 41.
Rhxh6# 1-0

[Event "España ch sub-14 2012"]
[Site "Salobreña ESP"]
[Date "2012.07.09"]
[Round "2.21"]
[White "Cribilles Perez, Carlos"]
[Black "Castellet Menchon, Cora"]
[Result "1/2-1/2"]
[WhiteElo "1622"]
[BlackElo "1823"]
[PlyCount "113"]
[EventDate "2012.07.09"]
[EventType "swiss"]
[EventRounds "9"]
[EventCountry "ESP"]
[Source "lmi"]
[SourceDate "2012.07.09"]

1. c4 e5 2. g3 d6 3. Bg2 f5 4. Nc3 Nc6 5. d3 Nf6 6. e4 g6 7. Nge2 Bg7 8. O-O
O-O 9. Rb1 Be6 10. Nd5 Ne7 11. Nxe7+ Qxe7 12. exf5 Bxf5 13. Bxb7 Rad8 14. Bg2
d5 15. Qc2 Qf7 16. cxd5 Nxd5 17. Be4 Nb4 18. Qa4 Nxd3 19. Bxf5 Qxf5 20. Be3 Qh3
21. Rfd1 Qf5 22. Qxa7 Qf3 23. Nc3 e4 24. Rf1 Ne5 25. Qxc7 Qh5 26. h4 Nf3+ 27.
Kg2 Qg4 28. Bg5 Nxg5 29. hxg5 Qf3+ 30. Kh2 Bd4 31. Qc4+ Kh8 32. Qe2 Bxc3 33.
Qxf3 Rxf3 34. bxc3 Rd2 35. Kg2 Rxc3 36. Rb8+ Kg7 37. Re8 e3 38. Re7+ Kg8 39.
Re4 Rxa2 40. Rd1 Rxf2+ 41. Kg1 e2 42. Rd8+ Rf8 43. Rxf8+ Kxf8 44. Kf2 Kf7 45.
Rxe2 Rc5 46. Ra2 Rxg5 47. Ra7+ Kg8 48. Kf3 h5 49. Kf2 Rf5+ 50. Kg2 g5 51. Kh3
Re5 52. Rb7 Rf5 53. Ra7 Rf7 54. Ra5 Rg7 55. Kg2 Kf7 56. Kf3 Kf6 57. Ke4 1/2-1/2

[Event "España ch sub-14 2012"]
[Site "Salobreña ESP"]
[Date "2012.07.09"]
[Round "2.22"]
[White "Ucles Lirola, Moises"]
[Black "Marquez Marvizon, Alejandra"]
[Result "1-0"]
[WhiteElo "1821"]
[BlackElo "1622"]
[PlyCount "79"]
[EventDate "2012.07.09"]
[EventType "swiss"]
[EventRounds "9"]
[EventCountry "ESP"]
[Source "lmi"]
[SourceDate "2012.07.09"]

1. Nf3 Nf6 2. d3 g6 3. e4 d6 4. g3 Bg7 5. Bg2 O-O 6. O-O e5 7. Nbd2 Nh5 8. Ne1
c6 9. b3 Qe8 10. Nc4 d5 11. exd5 e4 12. Ba3 Bxa1 13. Qxa1 cxd5 14. Ne3 Qe6 15.
Bxf8 Kxf8 16. Qh8+ Ke7 17. Nxd5+ Qxd5 18. Qxc8 f5 19. dxe4 fxe4 20. Nd3 Nf6 21.
Qc5+ Qd6 22. Re1 Nbd7 23. Qg5 Kf7 24. Bxe4 Nxe4 25. Rxe4 Rc8 26. Re2 Nf6 27.
Qe5 Qd7 28. Qa5 b6 29. Ne5+ Kg7 30. Nxd7 bxa5 31. Re7+ Kh6 32. Nxf6 Rxc2 33. a4
g5 34. Rxa7 Rb2 35. Rb7 Kg6 36. Nxh7 g4 37. Nf8+ Kf6 38. Rb5 Ke7 39. Ng6+ Kd6
40. Ne5 1-0